| 000 | 004310000a22001690004500 | ||
|---|---|---|---|
| 041 | 0 | _aENG | |
| 082 | 0 | 4 | _aG 252 M9811s |
| 100 | 1 | _aMurray, Andrew (1828-1917) | |
| 245 | 1 | 0 | _aThe spiritual life / Andrew Murray |
| 260 | _aNew York, USA . Fleming H. Revell | ||
| 300 | _a243 Pag | ||
| 001 | 6209 | ||
| 942 | _cBK | ||
| 999 |
_c36492 _d36492 |
||
| 336 |
_atexto _btxt _2rdacontent |
||
| 337 |
_2rdamedia _asin mediación _bn |
||
| 338 |
_2rdacarrier _avolumen _bnc |
||